Представление документа в формате RUSMARC

ПолеНазваниеЗначение
  Тип записи a
  Библиографический уровень m
001 Контрольный номер SKBR/b4f4433d-a2b9-4d3d-a3d8-58704ee6d314
005 Дата корректировки 20230111114423.4
010 Индекс ISBN __
a ISBN 978-5-389-16161-0
9 Тираж 3000 экз.
b Уточнения в пер.
d Цена 473-41
021 № государственной регистрации __
a Код страны RU
b № документа 2019-50380
035 Другие системные номера __
a Идентификатор записи (RuMoRGB)010032059
035 Другие системные номера __
a Идентификатор записи RU\NLR\BIBL_A\012072200
100 Данные общей обработки __
a Данные общей обработки 20190809d2019 m y0rusy028902 ca
101 Язык документа 1_
a Язык текста rus
c Язык оригинала eng
102 Страна публикации __
a Страна публикации RU
105 Кодированные данные (монография) __
a Кодированные данные (монография) y z 001yb
181 Поле кодированных данных: вид содержания _0
a Код вида содержания (ISBD) i
182 Поле кодированных данных: тип средства _0
a Код типа средства (ISBD) n
200 Заглавие и сведения об ответственности 1_
a Заглавие Король говорит!
e Сведения, относящиеся к заглавию история о преодолении, о долге и чести, о лидерстве, об иерархии и о настоящей дружбе
e Сведения, относящиеся к заглавию [основано на письмах, дневниках, воспоминаниях и медицинских записях]
f Первые сведения об ответственности Марк Лог, Питер Конради
g Последующие сведения об ответственности перевод с английского Ирины Проценко
203 Вид содержания и тип средства __
a Вид содержания Текст
c Тип средства непосредственный
210 Выходные данные 1_
a Место издания Москва
c Издательство КоЛибри
c Издательство Азбука-Аттикус
d Дата издания 2019
215 Физическое описание __
a Объем 253, [2] с.
d Формат 21 см
320 Библиография __
a Библиография Библиография в примечании: с. 242-245
320 Библиография __
a Библиография Алфавитный указатель: с. 246-253
330 Аннотация __
a Аннотация В 1926 году герцог Йоркский (будущий английский король Георг VI), с детства страдавший заиканием, обратился за помощью к логопеду-самоучке, эмигранту из Австралии по имени Лайонел Лог. Невероятно, но факт: тот, кого высокоумные медицинские светила считали самозванцем и шарлатаном, сумел добиться успеха, тогда как все прочие вынуждены были расписаться в своем полном бессилии. Он оставался рядом с королем на протяжении многих лет, и каких лет! Георгу VI выпало взойти на престол в канун Второй мировой войны, и он стал живым символом Британской империи в ее борьбе с немецким фашизмом. Во все годы правления, начиная с коронационной речи в 1937 году и кончая последним рождественским обращением к нации и народам империи в декабре 1951-го, король говорил со своим народом. Говорил благодаря тому, что на его пути встретился "простой человек из колоний" - Лайонел Лог. Одноименный британский фильм "Король говорит!" назван Американской киноакадемией лучшим фильмом 2010 года и удостоен премии...
454 Оригинал _0
1 2001
a The king's speech
1 700 1
a Logue
b M.
g Mark
540 Дополнительное заглавие, сделанное каталогизатором 10
a Дополнительное заглавие, сделанное каталогизатором История о преодолении, о долге и чести, о лидерстве, об иерархии и о настоящей дружбе
600 Персоналии _0
a Персоналии (Фамилия) Георг
d Римские цифры VI
c Дополнение к имени король английский
f Даты 1895-1952
2 Код системы nlr_sh
600 Персоналии _1
2 Код системы nlr_sh
a Персоналии (Фамилия) Лог
b Персоналии (Имя) Л. Д.
g Полное имя Лайонел Джордж
f Даты 1880-1953
606 Тематические рубрики __
2 Код системы nlr_sh
a Основная рубрика История
606 Тематические рубрики __
2 Код системы nlr_sh
a Основная рубрика Европа с 1918 г. -
y Географическая подрубрика Великобритания
610 Ключевые слова 0_
a Ключевые слова историческая литература
610 Ключевые слова 0_
a Ключевые слова короли
610 Ключевые слова 0_
a Ключевые слова английские короли
610 Ключевые слова 0_
a Ключевые слова персоналии
610 Ключевые слова 0_
a Ключевые слова биографии
610 Ключевые слова 0_
a Ключевые слова биографии политиков
610 Ключевые слова 0_
a Ключевые слова биографические сведения
610 Ключевые слова 0_
a Ключевые слова воспоминания
610 Ключевые слова 0_
a Ключевые слова письма
610 Ключевые слова 0_
a Ключевые слова дневники
610 Ключевые слова 0_
a Ключевые слова экранизации
610 Ключевые слова 0_
a Ключевые слова экранизации произведений
686 Индексы других классификаций __
a Классификационный индекс 63.3(4Вел)6-8; ст63.3(4Вел)-8
2 Код системы rubbks
700 Автор _1
a Фамилия Лог
b Имя М.
g Полное личное имя Марк
4 Код отношения 070
701 Альтернативная интеллектуальная ответственность _1
a Фамилия Конради
b Имя П.
g Полное личное имя Питер
4 Код отношения 070
801 Источник записи _0
a Страна RU
b Организация NLR
c Дата составления 20190809
g Правила каталогизации PSBO
801 Источник записи _1
a Страна RU
b Организация NLR
c Дата составления 20190809
g Правила каталогизации PSBO
801 Источник записи _2
a Страна RU
b Организация NLR
c Дата составления 20191001
2 Код формата rusmarc
g Правила каталогизации PSBO
852 Данные о местонахождении __
i Авторский знак Л 69
j Шифр хранения 63.3(4Вел)6-8
900 Макрообъекты __
a Макрообъекты Король говорит! История о преодолении, о долге и чести, о лидерстве, об иерархии и о настоящей дружбе, 2019
901 Тип документа __
a Ответственный ООФиК/Волкова
t Тип документа m
903 Характеристики (МАРС) __
a Дата передачи 20220810
c Наименование библиотеки (МАРС) Муниципальное бюджетное учреждение культуры "Централизованная библиотечная система" г. Сургут (Центральная городская библиотека им. А. С. Пушкина)
990 Данные о заказе (DOS) __
j Количество экземпляров (DOS) 6
t N записи в КСУ для И/У (DOS) 202208